000 00697nam a2200193Ii 4500
003 JO-AjNU
008 230605s9999||||xx |||||||||||||| ||und||
040 _aJO-AjNU
_bara
_erda
_cJO-AjNU
041 _aara
050 1 4 _aDS119.75.A342 1999
100 3 _aتاليف عباسي، قصي عدنان,
_eauthor
_936391
245 0 0 _aعملية السلام من مدريد حتى صعود باراك
264 3 1 _aدمشق: دار الماجد، 1999
300 _a190ص
336 _atext
_btxt
_2rdacontent
337 _aunmediated
_bn
_2rdamedia
338 _avolume
_bnc
_2rdacarrier
650 4 _aعملية السلام الاسرائيلية الفلسطينية- مدريد-تاريخ
_936392
999 _aA15116
_c18684
_d18684